Recuperación de la selva de "Tierra Firme" en el alto río Negro Amazonia colombiana-venezolana (Registro nro. 26)

Detalles MARC
000 -CABECERA
Campo de control 01062nam a2200301 a 4500
005 - FECHA Y HORA DE LA ULTIMA TRANSACCION
Campo de control 20200104041504.0
008 - ELEMENTOS DE LONGITUD FIJA—INFORMACION GENERAL
Campo de control 140113b1994 ck ||||| |||| 00| 0 spa d
040 ## - FUENTE DE CATALOGACIÓN
Agencia catalogadora original CO-BoIAVH
Agencia transcriptora CO-BoIAVH
041 ## - IDIOMA
Código de idioma para texto/pista de sonido o título separado Español
090 ## - CLASIFICACIÓN LOCAL
Colección RE
Consecutivo 00060
100 1# - ASIENTO PRINCIPAL--NOMBRE PERSONAL
Nombre personal Saldarriaga, Juan Guillermo
9 (RLIN) 3500
245 1# - MENCION DE TITULO
Título Recuperación de la selva de "Tierra Firme" en el alto río Negro Amazonia colombiana-venezolana
246 ## - FORMA VARIANTE DEL TITULO
Título propiamente dicho/forma breve del título Recovery of the jungle on "Tierra Firme" in the upper rio Negro region of Amazonia in Colombia
260 ## - PUBLICACION, DISTRIBUCION, ETC. (PIE DE IMPRENTA)
Lugar de publicación, distribución, etc. Bogotá
Nombre del editor, distribuidor, etc. Tropenbos Colombia
Fecha de publicación, distribución, etc. 1994
300 ## - DESCRIPCION FISICA
Extensión 201 paginas.:
Otros detalles físicos graficos. ;
Dimensiones 23 x 17 cm
650 #4 - ASIENTO SECUNDARIO DE MATERIA - TERMINO TEMATICO
Término temático o nombre geográfico como elemento de entrada Bosque húmedo tropical
9 (RLIN) 3501
650 #4 - ASIENTO SECUNDARIO DE MATERIA - TERMINO TEMATICO
Término temático o nombre geográfico como elemento de entrada Conservación de bosques
9 (RLIN) 59417
650 #4 - ASIENTO SECUNDARIO DE MATERIA - TERMINO TEMATICO
Término temático o nombre geográfico como elemento de entrada Recuperación de ecosistemas
9 (RLIN) 3503
650 #4 - ASIENTO SECUNDARIO DE MATERIA - TERMINO TEMATICO
Término temático o nombre geográfico como elemento de entrada Reforestación
9 (RLIN) 59418
650 #4 - ASIENTO SECUNDARIO DE MATERIA - TERMINO TEMATICO
Término temático o nombre geográfico como elemento de entrada Suelos
9 (RLIN) 287
650 #4 - ASIENTO SECUNDARIO DE MATERIA - TERMINO TEMATICO
Término temático o nombre geográfico como elemento de entrada Nutrientes
9 (RLIN) 3504
650 #4 - ASIENTO SECUNDARIO DE MATERIA - TERMINO TEMATICO
Término temático o nombre geográfico como elemento de entrada Biodiversidad
9 (RLIN) 59420
650 #4 - ASIENTO SECUNDARIO DE MATERIA - TERMINO TEMATICO
Término temático o nombre geográfico como elemento de entrada Estructura vegetal
9 (RLIN) 3505
650 #4 - ASIENTO SECUNDARIO DE MATERIA - TERMINO TEMATICO
Término temático o nombre geográfico como elemento de entrada Biomasa
9 (RLIN) 59421
650 #4 - ASIENTO SECUNDARIO DE MATERIA - TERMINO TEMATICO
Término temático o nombre geográfico como elemento de entrada Sucesión vegetal
9 (RLIN) 3507
662 ## - ASIENTO SECUNDARIO DE MATERIA - JERARQUIA DEL NOMBRE DE LUGAR(
País o entidad mayor Colombia
Jurisdicción política intermedia Río Negro
Jurisdicción política de primer orden Amazonas
942 ## - ELEMENTOS ADICIONALES (KOHA)
Tipo de ítem Libro
Sistema de clasificación Dewey Decimal Classification
Existencias
Withdrawn status Lost status Sistema de Clasificación Damaged status No para préstamo Colección Inventariado Ubicación Permanente Ubicación actual Fecha de adquisición Fuente de Valor Valor Total Checkouts Número topográfico Inventario / Código de Barras Date last seen Ejemplar Price effective from Forma de adquisición Tipo de material
    Local     General Inventariado 2017 Bogotá Bogotá 15/12/1997 Instituto 39000.00   RE-00060 000009 04/12/2012 T-5 .Ej. 1 04/12/2012   Libro
    Local     General Inventariado 2017 Sala Fabio Quevedo Sala Fabio Quevedo 14/11/2001 Instituto 39000.00   RE-00060 004754 18/04/2013 T-5 Ej. 2 04/12/2012   Libro